| 000 | 01275nam a2200241Ia 4500 | ||
|---|---|---|---|
| 999 |
_c36163 _d36163 |
||
| 001 | 2065 | ||
| 003 | GE_BSU | ||
| 005 | 20190513155559.0 | ||
| 008 | 181216s2010||||ge |||||||||||||| ||geo|| | ||
| 020 | _a9789941432125 | ||
| 040 | _cGE_BSU | ||
| 041 | _ageo | ||
| 080 | _a37.01(092) | ||
| 100 |
_aბასილაძე, იმერ _91071 |
||
| 245 |
_aისაკ ბალანჩივაძე - გამოჩენილი პედაგოგი, ორგანიზატორი და მკვლევარი / _cიმერ ბასილაძე, იაგორ ბალანჩივაძე ; რედ. გიორგი ბერძულიშვილი. |
||
| 264 |
_aქუთაისი : _bაკ. წერეთლის სახელმწ. უნ-ტის გამ-ბა, _c2010. |
||
| 300 |
_a188 გვ. _b19 სმ. |
||
| 653 | _a ქართველი პედაგოგები; | ||
| 653 | _aქართველი ფიზიკა-მათემატიკოსები; | ||
| 700 |
_aბალანჩივაძე, იაგორ _eავტორი _9845 |
||
| 700 |
_a ბერძულიშვილი, გიორგი _eრედაქტორი _91072 |
||
| 942 |
_cBK _2udc |
||